[Event "17. Open de la Constitución 2015"]
[Site "San Sebastian de los Reyes ES"]
[Date "2015.12.07"]
[Round "8.6"]
[White "Quevedo Marin, Manuel"]
[Black "Marcos Herrero, Francisco"]
[Result "1-0"]
[WhiteElo "2204"]
[BlackElo "1992"]
[PlyCount "87"]
[EventDate "2015.11.30"]
[EventType "swiss"]
[EventRounds "9"]
[EventCountry "ESP"]
[Source "lmi"]
[SourceDate "2015.11.30"]

1. e4 c5 2. Nc3 Nc6 3. Bc4 g6 4. a3 Bg7 5. d3 e6 6. Ba2 Nge7 7. h4 d5 8. exd5
exd5 9. h5 Be6 10. h6 Bf6 11. Qf3 Be5 12. Bg5 O-O 13. Nge2 f6 14. Bd2 Nd4 15.
Nxd4 cxd4 16. Ne2 Qc8 17. Nf4 Bxf4 18. Qxf4 Qxc2 19. Qxd4 Rac8 20. Bb1 Nf5 21.
Qb4 Qc6 22. O-O g5 23. Ba2 Bf7 24. Rac1 Qb6 25. Qg4 Nxh6 26. Qh3 Rxc1 27. Bxc1
Kg7 28. b4 Qd4 29. Bb1 Re8 30. Be3 Qc3 31. Qd7 Qc8 32. Qa4 Qg4 33. d4 Nf5 34.
Bxf5 Qxf5 35. Qxa7 Re4 36. Qxb7 Rh4 37. Rc1 Qg6 38. Qc7 Qh5 39. f3 Rh1+ 40. Kf2
g4 41. Qg3 Be6 42. fxg4 Bxg4 43. Rxh1 Qf5+ 44. Qf4 1-0

[Event "17. Open de la Constitución 2015"]
[Site "San Sebastian de los Reyes ES"]
[Date "2015.12.07"]
[Round "8.8"]
[White "Minguela Munoz, Bienvenido"]
[Black "Clavero Alarcon, Jose Miguel"]
[Result "1/2-1/2"]
[WhiteElo "1726"]
[BlackElo "1873"]
[PlyCount "65"]
[EventDate "2015.11.30"]
[EventType "swiss"]
[EventRounds "9"]
[EventCountry "ESP"]
[Source "lmi"]
[SourceDate "2015.11.30"]

1. d4 d5 2. c4 c6 3. Nf3 Nf6 4. e3 e6 5. Nc3 Nbd7 6. Qc2 Bd6 7. Bd3 dxc4 8.
Bxc4 O-O 9. e4 e5 10. d5 cxd5 11. Nxd5 Nc5 12. Nxf6+ Qxf6 13. O-O Bg4 14. Be2
Rac8 15. Be3 Bd7 16. Rac1 b6 17. Qb1 Bc6 18. Nd2 Qg6 19. f3 Bb7 20. b4 Ne6 21.
Nc4 Bb8 22. Rfd1 Nf4 23. Bxf4 exf4 24. Qb2 Kh8 25. e5 Rfd8 26. Nd6 Bxd6 27.
exd6 Rxd6 28. Rxd6 Qxd6 29. Rd1 Qe6 30. Qd2 Re8 31. Bb5 Rf8 32. Qd4 Qf5 33. Qd6
1/2-1/2

[Event "17. Open de la Constitución 2015"]
[Site "San Sebastian de los Reyes ES"]
[Date "2015.12.07"]
[Round "8.9"]
[White "Lozano Suarez, Luis Miguel"]
[Black "Tarrio Ocana, Jose Manuel"]
[Result "1-0"]
[WhiteElo "2136"]
[BlackElo "1829"]
[PlyCount "106"]
[EventDate "2015.11.30"]
[EventType "swiss"]
[EventRounds "9"]
[EventCountry "ESP"]
[Source "lmi"]
[SourceDate "2015.11.30"]

1. c4 e6 2. g3 d5 3. Bg2 Nf6 4. Nf3 g6 5. b3 Bg7 6. Bb2 O-O 7. O-O c5 8. e3 Nc6
9. d4 Ne4 10. Nbd2 Nxd2 11. Qxd2 dxc4 12. bxc4 cxd4 13. exd4 Ne7 14. Rfd1 Bd7
15. d5 Ba4 16. Bxg7 Kxg7 17. Qb2+ Kg8 18. Rd2 exd5 19. cxd5 Rb8 20. Ne5 Nf5 21.
d6 Bc6 22. Bh3 Qb6 23. Qxb6 axb6 24. Bxf5 gxf5 25. f4 b5 26. Nxc6 bxc6 27. Rc1
Rb6 28. Rc5 Rd8 29. Rxf5 c5 30. Rxc5 Rbxd6 31. Rxd6 Rxd6 32. Rc2 Rd3 33. Kg2
Ra3 34. Kh3 b4 35. Rb2 Kg7 36. Kg4 Kg6 37. f5+ Kf6 38. Rc2 b3 39. axb3 Rxb3 40.
Rc6+ Kg7 41. Kg5 Rb5 42. g4 Ra5 43. h4 Rb5 44. h5 Rb8 45. f6+ Kg8 46. Kh6 Ra8
47. Rc7 Rb8 48. g5 Ra8 49. g6 hxg6 50. hxg6 fxg6 51. Kxg6 Rf8 52. Rg7+ Kh8 53.
Rh7+ Kg8 1-0

[Event "17. Open de la Constitución 2015"]
[Site "San Sebastian de los Reyes ES"]
[Date "2015.12.07"]
[Round "8.10"]
[White "Alfaya Marcelo, Roberto"]
[Black "Guillo Longares, Cecilia"]
[Result "1-0"]
[WhiteElo "2107"]
[BlackElo "1815"]
[PlyCount "83"]
[EventDate "2015.11.30"]
[EventType "swiss"]
[EventRounds "9"]
[EventCountry "ESP"]
[Source "lmi"]
[SourceDate "2015.11.30"]

1. d4 Nf6 2. c4 c5 3. Nf3 g6 4. Nc3 Bg7 5. d5 e6 6. e4 d6 7. Bd3 exd5 8. exd5
O-O 9. h3 Re8+ 10. Be3 a6 11. O-O Nbd7 12. Qd2 b6 13. Rae1 Bb7 14. a4 Qc7 15.
Bf4 Rab8 16. Ng5 Nh5 17. Bh2 Ne5 18. Nge4 Rbd8 19. Be2 Nf6 20. Nxf6+ Bxf6 21.
f4 Nd7 22. f5 Bd4+ 23. Kh1 Bc8 24. Bd3 Ne5 25. Bxe5 Bxe5 26. f6 Bxf6 27. Rxf6
Re7 28. Rf2 Rde8 29. Ne4 Kg7 30. Rfe2 Bf5 31. Qc3+ Kh6 32. Qf6 Bxe4 33. Bxe4
Qd8 34. g4 Re5 35. Qxd8 Rxd8 36. Bf3 Rxe2 37. Rxe2 Rd7 38. Kg2 Kg5 39. Kg3 f5
40. h4+ Kh6 41. gxf5 gxf5 42. Kf4 1-0

[Event "17. Open de la Constitución 2015"]
[Site "San Sebastian de los Reyes ES"]
[Date "2015.12.07"]
[Round "8.11"]
[White "Alvarez Abejon, Amilcar"]
[Black "Tronch Ilzarbe, Carlos Maria"]
[Result "0-1"]
[WhiteElo "2055"]
[BlackElo "1722"]
[PlyCount "102"]
[EventDate "2015.11.30"]
[EventType "swiss"]
[EventRounds "9"]
[EventCountry "ESP"]
[Source "lmi"]
[SourceDate "2015.11.30"]

1. c4 e5 2. Nc3 Nc6 3. Nf3 f5 4. g3 Nf6 5. Bg2 a5 6. O-O g6 7. d4 exd4 8. Nxd4
Nxd4 9. Qxd4 Bg7 10. Qe5+ Kf7 11. Bg5 d6 12. Qf4 h6 13. Bxf6 Bxf6 14. e4 g5 15.
Qd2 Bxc3 16. Qxc3 Qf6 17. Qd2 f4 18. f3 Be6 19. b3 Qe5 20. Kh1 b6 21. Rad1 Rad8
22. Qd4 Ke7 23. Rd2 Rhg8 24. Rfd1 fxg3 25. Qxe5 dxe5 26. hxg3 Rxd2 27. Rxd2 Rd8
28. Rxd8 Kxd8 29. Kh2 Ke7 30. Bh3 Bf7 31. Bf5 Kd6 32. Kg2 a4 33. Kf2 axb3 34.
axb3 b5 35. cxb5 Bxb3 36. Ke3 Bc4 37. f4 exf4+ 38. gxf4 gxf4+ 39. Kxf4 Bxb5 40.
e5+ Ke7 41. Bg4 Bd7 42. Be2 Kf7 43. Bc4+ Be6 44. Bd3 Bb3 45. Ke3 c5 46. Bf5 Be6
47. Be4 h5 48. Kd3 h4 49. Bg2 Kg6 50. Kc3 Kg5 51. Bf1 Kf4 0-1

[Event "17. Open de la Constitución 2015"]
[Site "San Sebastian de los Reyes ES"]
[Date "2015.12.07"]
[Round "8.12"]
[White "Largo Barbero, Benito"]
[Black "Sirera Ripoll, Jose Luis"]
[Result "1-0"]
[WhiteElo "1954"]
[BlackElo "1769"]
[PlyCount "101"]
[EventDate "2015.11.30"]
[EventType "swiss"]
[EventRounds "9"]
[EventCountry "ESP"]
[Source "lmi"]
[SourceDate "2015.11.30"]

1. d4 Nf6 2. Nf3 g6 3. Bf4 d5 4. e3 c5 5. Nc3 Nc6 6. Be2 cxd4 7. exd4 a6 8. Qd2
Bg7 9. Ne5 O-O 10. h4 h5 11. f3 Bf5 12. Nxc6 bxc6 13. g4 hxg4 14. O-O-O gxf3
15. Bxf3 Be4 16. Nxe4 dxe4 17. Be2 Nd5 18. h5 Nxf4 19. Qxf4 Qd6 20. Qxe4 Bh6+
21. Kb1 g5 22. Rhf1 e6 23. Bc4 Rae8 24. Bxa6 f5 25. Qe5 Qxe5 26. dxe5 Bg7 27.
Bc4 Bxe5 28. Rfe1 Bg7 29. Bxe6+ Kh8 30. a4 Re7 31. Bd7 Rxe1 32. Rxe1 c5 33. Rf1
f4 34. Bg4 Rb8 35. b3 c4 36. Ka2 cxb3+ 37. cxb3 Bc3 38. Rc1 Bd2 39. Rc5 Rg8 40.
Kb2 Kh7 41. Kc2 Be3 42. Rf5 Kh6 43. b4 Rd8 44. b5 Rd2+ 45. Kb3 Rg2 46. Rf6+ Kh7
47. Bf5+ Kg7 48. Rg6+ Kh8 49. Re6 Rh2 50. h6 Rh4 51. Re8# 1-0

[Event "17. Open de la Constitución 2015"]
[Site "San Sebastian de los Reyes ES"]
[Date "2015.12.07"]
[Round "8.13"]
[White "Stefanescu, Iulian"]
[Black "Sacristan Virseda, Fernando"]
[Result "0-1"]
[WhiteElo "1652"]
[BlackElo "1951"]
[PlyCount "104"]
[EventDate "2015.11.30"]
[EventType "swiss"]
[EventRounds "9"]
[EventCountry "ESP"]
[Source "lmi"]
[SourceDate "2015.11.30"]

1. b3 e5 2. Bb2 Nc6 3. e3 d5 4. Bb5 Bd6 5. Bxc6+ bxc6 6. Ne2 Nf6 7. O-O Bg4 8.
f3 Bh5 9. Ng3 Bg6 10. Nc3 Nh5 11. Nce2 Nxg3 12. Nxg3 O-O 13. Rc1 Qh4 14. Qe2 c5
15. d3 a5 16. c4 d4 17. e4 Qe7 18. Rc2 a4 19. Bc1 Rfb8 20. Rb2 axb3 21. Rxb3
Rxb3 22. axb3 c6 23. Qc2 Ra1 24. Bd2 Qa7 25. Rxa1 Qxa1+ 26. Kf2 h5 27. Bc1 f6
28. Qb2 Qa7 29. Qa3 Qb7 30. Ne2 h4 31. g3 f5 32. Kg2 hxg3 33. hxg3 fxe4 34.
fxe4 Bh5 35. Ng1 Bd1 36. Qb2 Bxb3 37. Nf3 Qb4 38. Bd2 Qa4 39. Nh4 Kh7 40. Kf2
Be7 41. Nf5 Bf8 42. Qc1 Qa2 43. g4 g6 44. Qh1+ Kg8 45. Nh6+ Kg7 46. Ke2 Bxc4
47. g5 Bxd3+ 48. Kxd3 c4+ 49. Ke2 c3 50. Ng4 Qxd2+ 51. Kf3 Qf4+ 52. Ke2 Qxg4+
0-1

[Event "17. Open de la Constitución 2015"]
[Site "San Sebastian de los Reyes ES"]
[Date "2015.12.07"]
[Round "8.14"]
[White "Vukotic Jovsic, Dragan"]
[Black "Alameda Arellano, Cristeto"]
[Result "1-0"]
[WhiteElo "1943"]
[BlackElo "1545"]
[PlyCount "73"]
[EventDate "2015.11.30"]
[EventType "swiss"]
[EventRounds "9"]
[EventCountry "ESP"]
[Source "lmi"]
[SourceDate "2015.11.30"]

1. d4 d5 2. Nf3 Nf6 3. Bf4 e6 4. e3 Be7 5. Bd3 Nbd7 6. Nbd2 c5 7. c3 b6 8. Ne5
Nxe5 9. Bxe5 Bb7 10. Qf3 cxd4 11. exd4 O-O 12. Qh3 g6 13. O-O-O Nd7 14. Bf4 f5
15. Bh6 Re8 16. Rde1 Bf6 17. f4 Bh8 18. g4 Nf6 19. gxf5 exf5 20. Bxf5 Rxe1+ 21.
Rxe1 gxf5 22. Qxf5 Qd7 23. Qg5+ Kf7 24. Nf3 Ne4 25. Ne5+ Bxe5 26. Qh5+ Ke6 27.
Qxe5+ Kf7 28. Qh5+ Ke6 29. Rg1 Kd6 30. Rg7 Qe6 31. Rxb7 Kc6 32. Rxh7 Rg8 33.
Bg5 Qf5 34. Rf7 Qc8 35. Qh6+ Kb5 36. a4+ Kc4 37. Kc2 1-0

[Event "17. Open de la Constitución 2015"]
[Site "San Sebastian de los Reyes ES"]
[Date "2015.12.07"]
[Round "8.15"]
[White "Gonzalez Berrendero, Carlos"]
[Black "Perez Cameselle, Francisco"]
[Result "0-1"]
[WhiteElo "1842"]
[BlackElo "1904"]
[PlyCount "80"]
[EventDate "2015.11.30"]
[EventType "swiss"]
[EventRounds "9"]
[EventCountry "ESP"]
[Source "lmi"]
[SourceDate "2015.11.30"]

1. b3 Nf6 2. Bb2 g6 3. e4 d6 4. g3 Bg7 5. Bg2 O-O 6. Ne2 c5 7. O-O Nc6 8. Na3
Bd7 9. Nc4 b5 10. Ne3 a5 11. Nf4 a4 12. Ned5 e6 13. Nc3 a3 14. Bxa3 b4 15. Nb5
Qb8 16. Nxd6 Qxd6 17. Bb2 Ne8 18. Bxg7 Kxg7 19. c3 Nc7 20. Qe2 e5 21. Nd3 Be6
22. f4 Rfd8 23. Rf3 Bg4 24. fxe5 Nxe5 25. Nxe5 Qxe5 26. Rxf7+ Kxf7 27. Qxg4 Kg8
28. Bf1 Rxd2 29. Bc4+ Kg7 30. Rf1 Rf8 31. Rxf8 Kxf8 32. Qf3+ Ke7 33. Qf7+ Kd8
34. Qf8+ Kd7 35. Qf7+ Kc6 36. Bd5+ Nxd5 37. exd5+ Qxd5 38. Qe8+ Kc7 39. Qe7+
Kb6 40. Qf6+ Qc6 0-1

[Event "17. Open de la Constitución 2015"]
[Site "San Sebastian de los Reyes ES"]
[Date "2015.12.07"]
[Round "8.16"]
[White "Galan Aguado, Fernando"]
[Black "Camarero Izquierdo, Juan Carlos"]
[Result "0-1"]
[WhiteElo "1720"]
[BlackElo "1825"]
[PlyCount "50"]
[EventDate "2015.11.30"]
[EventType "swiss"]
[EventRounds "9"]
[EventCountry "ESP"]
[Source "lmi"]
[SourceDate "2015.11.30"]

1. d4 f5 2. g3 Nf6 3. Bg2 d5 4. Nh3 e6 5. O-O Bd6 6. Bf4 Nc6 7. Nd2 Nxd4 8.
Bxd6 Qxd6 9. c4 c5 10. e3 Nc6 11. cxd5 exd5 12. Qb3 O-O 13. Rad1 Kh8 14. Nf4 c4
15. Qb5 a6 16. Qb6 Nd7 17. Nxc4 Qh6 18. Qc7 dxc4 19. Rxd7 Bxd7 20. Qxd7 Rab8
21. Ne6 Rfe8 22. Nc7 Re7 23. Qxf5 Rxc7 24. Rd1 Qf6 25. Qg4 Ne5 0-1

[Event "17. Open de la Constitución 2015"]
[Site "San Sebastian de los Reyes ES"]
[Date "2015.12.07"]
[Round "8.17"]
[White "Alvarez Gonzalez, Eduardo"]
[Black "Hernandez Ramos, Alberto"]
[Result "0-1"]
[WhiteElo "1779"]
[BlackElo "1578"]
[PlyCount "66"]
[EventDate "2015.11.30"]
[EventType "swiss"]
[EventRounds "9"]
[EventCountry "ESP"]
[Source "lmi"]
[SourceDate "2015.11.30"]

1. d4 Nf6 2. Nf3 g6 3. c4 Bg7 4. Nc3 d5 5. Bf4 O-O 6. e3 Bf5 7. Be2 Nbd7 8. O-O
c6 9. cxd5 Nxd5 10. Nxd5 cxd5 11. Qb3 Qb6 12. Qxd5 Qxb2 13. Qb5 Qxb5 14. Bxb5
Nb6 15. Rfc1 Rac8 16. Bg3 f6 17. Kf1 g5 18. Bc7 Nd5 19. Ba5 a6 20. Bc4 Rxc4 21.
Nd2 Bd3+ 22. Ke1 Rxc1+ 23. Rxc1 b6 24. e4 bxa5 25. exd5 Bb5 26. Nb3 Rd8 27. Nc5
Rxd5 28. a4 Bd7 29. Nxa6 Rxd4 30. Rc7 Kf7 31. Nc5 Rc4 32. Rxd7 Rxc5 33. Ra7 f5
0-1

[Event "17. Open de la Constitución 2015"]
[Site "San Sebastian de los Reyes ES"]
[Date "2015.12.07"]
[Round "8.18"]
[White "Alfaya Martinez, Enrique"]
[Black "Rodriguez Bernal, Herman"]
[Result "1-0"]
[WhiteElo "1586"]
[BlackElo "1773"]
[PlyCount "99"]
[EventDate "2015.11.30"]
[EventType "swiss"]
[EventRounds "9"]
[EventCountry "ESP"]
[Source "lmi"]
[SourceDate "2015.11.30"]

1. d4 Nf6 2. Nf3 g6 3. Bf4 Bg7 4. e3 d6 5. Be2 O-O 6. h4 Bg4 7. Ng5 Bxe2 8.
Qxe2 Nd5 9. Bg3 e5 10. Qb5 c6 11. Qxb7 Qb6 12. Qxb6 axb6 13. dxe5 dxe5 14. c3
h6 15. Nf3 Re8 16. Nbd2 Nf4 17. Bxf4 exf4 18. e4 f5 19. e5 Nd7 20. O-O Nxe5 21.
Nxe5 Bxe5 22. Rfe1 Bf6 23. Nf3 c5 24. Rxe8+ Rxe8 25. Re1 Kf7 26. Rxe8 Kxe8 27.
Kf1 Kd7 28. Ke2 Kd6 29. Kd3 g5 30. hxg5 hxg5 31. a4 g4 32. Nd2 Bd8 33. f3 Bc7
34. Kc4 Kc6 35. Nb3 Bd6 36. Nc1 Bb8 37. Nd3 Bc7 38. b4 Bd6 39. b5+ Kb7 40. Kd5
Kc7 41. c4 gxf3 42. gxf3 Kd7 43. Ne1 Bc7 44. Nd3 Bd8 45. Nxf4 Bf6 46. Nd3 Bc3
47. Ne5+ Kc7 48. Nc6 f4 49. Ke4 Bd2 50. Ne7 1-0

[Event "17. Open de la Constitución 2015"]
[Site "San Sebastian de los Reyes ES"]
[Date "2015.12.07"]
[Round "8.19"]
[White "Bartolome Martin, Angel"]
[Black "Asins Martin, Jose"]
[Result "1-0"]
[WhiteElo "1749"]
[BlackElo "1250"]
[PlyCount "135"]
[EventDate "2015.11.30"]
[EventType "swiss"]
[EventRounds "9"]
[EventCountry "ESP"]
[Source "lmi"]
[SourceDate "2015.11.30"]

1. d4 g6 2. c4 Bg7 3. f3 d6 4. e4 a6 5. Be3 Nd7 6. Ne2 e6 7. Qd2 b5 8. cxb5
axb5 9. Na3 c6 10. Rc1 Ne7 11. h4 h5 12. Bg5 f6 13. Be3 Qa5 14. Nf4 Nf8 15.
Qxa5 Rxa5 16. Bd2 Ra4 17. Nxb5 Rxa2 18. Nxd6+ Kd7 19. Nxc8 Nxc8 20. Bc3 Bh6 21.
g3 g5 22. hxg5 Bxg5 23. Bc4 Ra4 24. Bb3 Ra6 25. Bd2 Rb6 26. Ba4 Ne7 27. b3 e5
28. dxe5 fxe5 29. Nxh5 Bxd2+ 30. Kxd2 Kd6 31. g4 Ne6 32. Ng3 Rf8 33. Ke3 Kc7
34. Rh7 Rxf3+ 35. Kxf3 Ng5+ 36. Ke3 Nxh7 37. Rf1 Kd6 38. Nf5+ Nxf5+ 39. exf5
Ke7 40. Rh1 Nf6 41. Rg1 Rb4 42. g5 Nd5+ 43. Kd2 Rd4+ 44. Kc2 Ne3+ 45. Kb2 Rd2+
46. Kc3 Rc2+ 47. Kd3 Rg2 48. Rxg2 Nxg2 49. Bxc6 Nf4+ 50. Ke4 Kd6 51. g6 Nh5 52.
Bb5 Nf6+ 53. Kf3 e4+ 54. Ke3 Ke5 55. Bc4 Ng4+ 56. Ke2 Kxf5 57. g7 Nf6 58. g8=Q
Nxg8 59. Bxg8 Ke5 60. Ke3 Kd6 61. Kxe4 Kc7 62. Kd4 Kb6 63. Kc3 Kb5 64. b4 Kb6
65. Kc4 Ka6 66. b5+ Kb6 67. Kb4 Kb7 68. Kc5 1-0

[Event "17. Open de la Constitución 2015"]
[Site "San Sebastian de los Reyes ES"]
[Date "2015.12.07"]
[Round "8.20"]
[White "Cortijo Manso, Luis"]
[Black "Reyes Penas, Sebastian"]
[Result "0-1"]
[WhiteElo "1505"]
[BlackElo "1684"]
[PlyCount "82"]
[EventDate "2015.11.30"]
[EventType "swiss"]
[EventRounds "9"]
[EventCountry "ESP"]
[Source "lmi"]
[SourceDate "2015.11.30"]

1. Nf3 d5 2. d4 e6 3. c4 f5 4. Nc3 c6 5. cxd5 exd5 6. g3 Nf6 7. Bg2 Bd6 8. O-O
O-O 9. a3 Ne4 10. Bf4 b6 11. Bxd6 Qxd6 12. e3 Nd7 13. Re1 Bb7 14. Rc1 Rac8 15.
Qb3 Kh8 16. Qd1 Rfd8 17. Nh4 g6 18. Rc2 Kg7 19. Qf3 Qe6 20. Qd1 Ndf6 21. Ne2 g5
22. Nf3 h6 23. Nd2 c5 24. b3 Nxd2 25. Qxd2 Ne4 26. Qd1 c4 27. bxc4 dxc4 28. Qa1
Bd5 29. Nc3 Nxc3 30. Qxc3 Bxg2 31. Kxg2 Qd5+ 32. Kg1 a5 33. Rb1 Rd6 34. Rcb2
Qe6 35. Rb5 Kg6 36. Re5 Qd7 37. Rbb5 f4 38. Qc2+ Kg7 39. Qc3 f3 40. a4 Qh3 41.
Re7+ Kf8 0-1

[Event "17. Open de la Constitución 2015"]
[Site "San Sebastian de los Reyes ES"]
[Date "2015.12.07"]
[Round "8.21"]
[White "Garcia Minguez, Antonio"]
[Black "Martinez Miura, Enrique"]
[Result "1/2-1/2"]
[WhiteElo "1572"]
[BlackElo "1611"]
[PlyCount "50"]
[EventDate "2015.11.30"]
[EventType "swiss"]
[EventRounds "9"]
[EventCountry "ESP"]
[Source "lmi"]
[SourceDate "2015.11.30"]

1. d4 e6 2. Nf3 d5 3. Bf4 Nf6 4. h3 Be7 5. e3 O-O 6. c3 Nbd7 7. Bd3 b6 8. O-O
Bb7 9. Nbd2 h6 10. Ne5 Nxe5 11. Bxe5 Nd7 12. Bg3 Bd6 13. f4 c5 14. Rc1 cxd4 15.
cxd4 Rc8 16. Qe2 Nf6 17. Bh4 Be7 18. Bxf6 Bxf6 19. Nf3 Qd7 20. Ne5 Bxe5 21.
fxe5 Rxc1 22. Rxc1 f5 23. Rc3 Rc8 24. Qc2 Rxc3 25. Qxc3 Qc6 1/2-1/2

[Event "17. Open de la Constitución 2015"]
[Site "San Sebastian de los Reyes ES"]
[Date "2015.12.07"]
[Round "8.23"]
[White "Villodre Miranda, Juan Alonso"]
[Black "Mehalingam, Karunanithi"]
[Result "1-0"]
[WhiteElo "1660"]
[BlackElo "1449"]
[PlyCount "83"]
[EventDate "2015.11.30"]
[EventType "swiss"]
[EventRounds "9"]
[EventCountry "ESP"]
[Source "lmi"]
[SourceDate "2015.11.30"]

1. c4 Nc6 2. e4 e5 3. g3 Bc5 4. Bg2 Qf6 5. Nf3 b6 6. O-O Bb7 7. Nc3 Nge7 8. d3
h6 9. a3 Bd4 10. Ne2 O-O-O 11. Nfxd4 Nxd4 12. Nxd4 exd4 13. b4 a6 14. Bb2 g5
15. f4 gxf4 16. Rxf4 Qe5 17. Rxf7 Rhf8 18. Qf3 Nf5 19. Rxf5 Rxf5 20. Qxf5 Qxf5
21. exf5 Bxg2 22. Kxg2 c5 23. Re1 Rf8 24. g4 Rg8 25. h3 h5 26. Kg3 Kd8 27. Re5
hxg4 28. hxg4 d6 29. Re2 Kd7 30. f6 Rg5 31. Bc1 Re5 32. Rxe5 dxe5 33. Kf3 cxb4
34. axb4 a5 35. bxa5 bxa5 36. Ke4 Ke6 37. g5 a4 38. Ba3 Kf7 39. Kxe5 Kg6 40.
Kxd4 Kxg5 41. f7 Kg4 42. f8=Q 1-0

[Event "17. Open de la Constitución 2015"]
[Site "San Sebastian de los Reyes ES"]
[Date "2015.12.07"]
[Round "8.25"]
[White "Sirera Andres, Dario"]
[Black "Lopez Ziegler, Juan Jose"]
[Result "1/2-1/2"]
[WhiteElo "1360"]
[BlackElo "1543"]
[PlyCount "93"]
[EventDate "2015.11.30"]
[EventType "swiss"]
[EventRounds "9"]
[EventCountry "ESP"]
[Source "lmi"]
[SourceDate "2015.11.30"]

1. e4 e6 2. d4 d5 3. exd5 exd5 4. Nf3 Bd6 5. c4 b6 6. Bd3 Ne7 7. O-O O-O 8. Nc3
dxc4 9. Bxc4 Ba6 10. Bxa6 Nxa6 11. a3 c5 12. dxc5 Nxc5 13. b4 Nd3 14. Kh1 Nxc1
15. Rxc1 Rc8 16. Nb5 Rxc1 17. Qxc1 Qd7 18. Nxd6 Qxd6 19. Rd1 Qe6 20. Qd2 Ng6
21. Kg1 Rc8 22. h3 h6 23. Qd7 Nf8 24. Qxe6 Nxe6 25. Rd7 Rc1+ 26. Kh2 Nc7 27. a4
f6 28. b5 a6 29. bxa6 Nxa6 30. Rd6 Nc5 31. Rxb6 Nxa4 32. Rb7 Rd1 33. Nh4 Nc5
34. Rc7 Nd7 35. g4 Rd2 36. Kg2 Rd3 37. Nf3 Kf7 38. h4 Ke6 39. g5 Kf5 40. gxh6
gxh6 41. Nh2 h5 42. Ra7 Ne5 43. Ra5 Rd4 44. Kg3 Rc4 45. Ra3 Ng6 46. Ra5+ Ne5
47. Ra3 1/2-1/2

[Event "17. Open de la Constitución 2015"]
[Site "San Sebastian de los Reyes ES"]
[Date "2015.12.07"]
[Round "8.26"]
[White "Salgado Nogal, Marcos"]
[Black "Rodenas Riesco, Alfonso"]
[Result "1/2-1/2"]
[WhiteElo "1467"]
[BlackElo "1502"]
[PlyCount "33"]
[EventDate "2015.11.30"]
[EventType "swiss"]
[EventRounds "9"]
[EventCountry "ESP"]
[Source "lmi"]
[SourceDate "2015.11.30"]

1. e4 e6 2. d4 d5 3. e5 c5 4. c3 Nc6 5. Nf3 h6 6. Bd3 cxd4 7. cxd4 Bb4+ 8. Nc3
Nge7 9. O-O Bxc3 10. bxc3 a6 11. Re1 O-O 12. Bd2 f5 13. exf6 Rxf6 14. Nh4 Qe8
15. Rb1 b5 16. Qc2 Bd7 17. Nf3 1/2-1/2

[Event "17. Open de la Constitución 2015"]
[Site "San Sebastian de los Reyes ES"]
[Date "2015.12.07"]
[Round "8.27"]
[White "Karunanithi, Bharath"]
[Black "Perez Gonzalez, Jesus Miguel"]
[Result "0-1"]
[WhiteElo "1247"]
[BlackElo "1731"]
[PlyCount "88"]
[EventDate "2015.11.30"]
[EventType "swiss"]
[EventRounds "9"]
[EventCountry "ESP"]
[Source "lmi"]
[SourceDate "2015.11.30"]

1. e4 e5 2. Nf3 Nc6 3. Bc4 Be7 4. O-O Nf6 5. Nc3 O-O 6. d3 d6 7. h3 h6 8. Qe2
a6 9. Be3 Re8 10. Rad1 Na5 11. d4 exd4 12. Rxd4 c5 13. Rd2 b5 14. Bd5 Rb8 15.
e5 Nxd5 16. Nxd5 Nc4 17. Nxe7+ Qxe7 18. exd6 Qe6 19. Rdd1 Nxb2 20. Rd2 Bd7 21.
Re1 Nc4 22. Rd3 Rbd8 23. c3 Nxd6 24. Qd1 Ne4 25. Bxc5 Qc6 26. Bb4 Qc7 27. Rd4
f5 28. Qd3 Be6 29. Rxd8 Rxd8 30. Nd4 Bc4 31. Qc2 a5 32. Ba3 b4 33. Bb2 Bxa2 34.
cxb4 Qxc2 35. Nxc2 Rd2 36. Rc1 axb4 37. Be5 b3 38. f3 bxc2 39. Kh2 Ng5 40. Bf4
Re2 41. Ra1 Bb1 42. Ra8+ Kh7 43. Ra7 Nxf3+ 44. Kg3 Ne1 0-1

[Event "17. Open de la Constitución 2015"]
[Site "San Sebastian de los Reyes ES"]
[Date "2015.12.07"]
[Round "8.32"]
[White "Martin Rodriguez, Jose Luis"]
[Black "Moreno Fernandez, Jaime"]
[Result "1-0"]
[WhiteElo "1379"]
[BlackElo "1313"]
[PlyCount "107"]
[EventDate "2015.11.30"]
[EventType "swiss"]
[EventRounds "9"]
[EventCountry "ESP"]
[Source "lmi"]
[SourceDate "2015.11.30"]

1. e4 e5 2. Nf3 Nc6 3. d4 exd4 4. Nxd4 Bc5 5. Be3 Qf6 6. c3 Nge7 7. Qf3 Qxf3 8.
gxf3 Bxd4 9. cxd4 d5 10. a3 O-O 11. Nc3 Be6 12. Rg1 g6 13. Bd3 a6 14. Ke2 Na5
15. h4 f5 16. e5 Nb3 17. Rab1 c5 18. dxc5 d4 19. Bc2 dxe3 20. Rbd1 exf2 21.
Kxf2 Rad8 22. Rd6 Rxd6 23. cxd6 Nc6 24. f4 Ncd4 25. Bd1 Nc1 26. h5 Nd3+ 27. Ke3
Bf7 28. Kxd3 Nf3 29. Bxf3 Rc8 30. Bd5 Rc5 31. Bxf7+ Kxf7 32. hxg6+ hxg6 33. Re1
Ke6 34. Kd4 Rc8 35. Rh1 Rg8 36. Rh6 Rc8 37. Rxg6+ Kf7 38. Rg2 b5 39. Re2 Rc4+
40. Ke3 Ke6 41. Rd2 Rc8 42. Ne2 a5 43. Nd4+ Kd7 44. Nxf5 Rb8 45. Nd4 a4 46. Rc2
Ra8 47. Kd3 Rb8 48. Rh2 Rg8 49. Nf5 Rf8 50. Ke4 Ke6 51. Nd4+ Kd7 52. Rh7+ Kc8
53. d7+ Kd8 54. Ne6# 1-0

[Event "17. Open de la Constitución 2015"]
[Site "San Sebastian de los Reyes ES"]
[Date "2015.12.07"]
[Round "8.34"]
[White "Di Pietro Moreno, Fatima"]
[Black "Lozano Hernanz, Rodrigo"]
[Result "1-0"]
[WhiteElo "1408"]
[BlackElo "1399"]
[PlyCount "65"]
[EventDate "2015.11.30"]
[EventType "swiss"]
[EventRounds "9"]
[EventCountry "ESP"]
[Source "lmi"]
[SourceDate "2015.11.30"]

1. d4 d5 2. Nf3 g6 3. Bf4 Bg7 4. h3 Nf6 5. e3 Nbd7 6. Ne5 Nh5 7. Bh2 b6 8. Bb5
O-O 9. Bc6 Rb8 10. Nc3 e6 11. O-O f6 12. Nxd7 Bxd7 13. Bxd7 Qxd7 14. g4 e5 15.
gxh5 Qxh3 16. hxg6 hxg6 17. dxe5 fxe5 18. Qxd5+ Kh7 19. Qg2 Qxg2+ 20. Kxg2 Rf5
21. Ne4 Rh8 22. Rad1 Kg8 23. Rd8+ Bf8 24. Bg3 Rh6 25. Rh1 Rfh5 26. Rxh5 gxh5
27. Kh3 c5 28. f3 a6 29. Bxe5 b5 30. Bd6 c4 31. Bxf8 Rg6 32. Bb4+ Kf7 33. Rf8+
1-0

[Event "17. Open de la Constitución 2015"]
[Site "San Sebastian de los Reyes ES"]
[Date "2015.12.08"]
[Round "9.1"]
[White "Roa Alonso, Santiago"]
[Black "Perez Mitjans, Orelvis"]
[Result "0-1"]
[WhiteElo "2380"]
[BlackElo "2478"]
[PlyCount "60"]
[EventDate "2015.11.30"]
[EventType "swiss"]
[EventRounds "9"]
[EventCountry "ESP"]
[Source "lmi"]
[SourceDate "2015.11.30"]

1. e4 e6 2. d4 d5 3. e5 c5 4. c3 Nc6 5. Nf3 Qb6 6. a3 c4 7. g3 Bd7 8. Nbd2 Na5
9. Bh3 Ne7 10. Nh4 O-O-O 11. f4 Kb8 12. O-O g6 13. a4 Nc8 14. Ng2 Qc7 15. Ne3
h5 16. Bg2 Nb6 17. Rf3 Bc6 18. h3 Qd7 19. Qf1 Bxa4 20. f5 gxf5 21. g4 hxg4 22.
hxg4 Bh6 23. gxf5 Rdg8 24. Qf2 Qd8 25. fxe6 fxe6 26. Rf6 Bg5 27. Rxe6 Bxe3 28.
Qxe3 Qh4 29. Qf3 Qh1+ 30. Kf2 Rh2 0-1